Military vehicles

Bibliographic Details
Main Author: Graham,Ian
Format: Book
Published: United Kingdom : Heinemann , 2003
Series:Designed for success
Subjects:

MARC

LEADER 00000cam a2200000 7i4500
001 0000003734
005 20151222.0
008 070719
020 |a 0431165742 
090 0 0 |a WAR   |b ENG 
100 1 |a Graham,Ian 
245 0 0 |a Military vehicles   |c Ian Graham 
260 |a United Kingdom :   |b Heinemann ,   |c 2003 
440 |a Designed for success 
500 |a Children ages 10-12 years old (pink) 
650 0 |a Junior fiction   |x English   |x Languages 
650 0 |a Vehicles,military   |x juvenile literature 
999 |a 0000962464   |b Book   |c Children Collection   |e Perbadanan Perpustakaan Awam Johor 
999 |a 0000962466   |b Book   |c Children Collection   |e Cawangan Bandar Tenggara